000
00324nam a2200121Ia 4500
008
220204s9999 xx 000 0 und d
020
_a
0849357365
082
_a
632.111.5
_b
WAN
100
_a
Wang, Chien Yi
245
0
_a
Chilling injuiry of horticultural crops
260
_a
Boca Raton, Florida
_c
CRC Press;1990
942
_c
BK
999
_c
42359
_d
42359